000 01741 a2200253 4500
001 46957
005 20260407155739.0
008 260407a1996 arg spa d
003 AR-UNSa-BCEJYS
040 _aAR-UNSa-BCEJYS
_bspa
_cAR-UNSa-BCEJYS
080 _a331.101.26
_xEconomía del trabajo
245 1 0 _aEconomía Laboral
020 _a978-84-481-0790-1
264 1 _aEspaña :
_bMcGraw-Hill Interamericana
_c1996
300 _a564 p.
_c24 cm.
505 _a1. La economía laboral : introducción y visión panorámica - 2. La teoría de la oferta de trabajo del individuo - 3. La población, las tasas de actividad y las horas de trabajo - 4. La calidad del trabajo : la inversión en capital humano - 5. La demanda de trabajo - 6. La determinación de los salarios y la asignación del trabajo - 7. Los sistemas de remuneración y la eficiencia del trabajo - 8. La estructura salarial - 9. La movilidad, la migración y la eficiencia - 10. Los sindicatos y la negociación colectiva - 11. El Estado y el mercado de trabajo - 12. Las teorías de la discriminación en el mercado de trabajo - 13. Las mujeres y el mercado de trabajo - 14. Críticas a la teoría ortodoxa de los salarios - 15. La distribución personal de las ganancias - 16. Empleo, paro, productividad, salario e inflación - 17. La determinación del empleo, el paro, los salarios y la inflación - 18. Fuentes de información sobre el mercado de trabajo en España.
041 _aspa
942 _cBK
590 _aniveau_biblio:m niveau_hierar:0
100 1 _aMcConnell, Campbell R.
700 1 _aBrune, Stanley L.
700 1 _aRabasco, Esther
856 4 1 _uhttps://www.biblioeco.unsa.edu.ar/pmb/images/libros/L127354.jpg
_yImagen de portada
_qimage/jpeg
999 _c4256
_d4256